Just words : law, language, and power
Αποθηκεύτηκε σε:
| Κύριος συγγραφέας: | |
|---|---|
| Άλλοι συγγραφείς: | |
| Μορφή: | Βιβλίο |
| Γλώσσα: | English |
| Δημοσίευση: |
Chicago :
The University of Chicago Press,
1998
|
| Σειρά: | Language and legal discourse
|
| Θέματα: | |
| Ετικέτες: |
Προσθήκη ετικέτας
Δεν υπάρχουν, Καταχωρήστε ετικέτα πρώτοι!
|
MARC
| LEADER | 00000nam a2200000 i 4500 | ||
|---|---|---|---|
| 001 | 1/62740 | ||
| 008 | 041015s1998 eng d | ||
| 020 | |a 0-226-11487-2 | ||
| 035 | |l 10074710 | ||
| 040 | |a GR-MY-UA |b gre |e aacr | ||
| 041 | 0 | |a eng | |
| 082 | 0 | |a 340.14 | |
| 100 | 1 | |a Conley, John M. | |
| 245 | 1 | 0 | |a Just words : |b law, language, and power / |c John M. Conley, William M. O'Barr |
| 260 | |a Chicago : |b The University of Chicago Press, |c 1998 | ||
| 300 | |a 168 p. | ||
| 490 | 1 | |a Language and legal discourse | |
| 504 | |a Includes bibliographical references and index | ||
| 650 | 0 | 0 | |a Law |x Language. |
| 650 | 0 | 0 | |a Conduct of court proceedings. |
| 650 | 0 | 0 | |a English language |x Rhetoric |x sex differences. |
| 650 | 0 | 0 | |a Sex discrimination against women. |
| 700 | 1 | |a O'Barr, William M. | |
| 830 | 0 | |a Language and legal discourse | |
| 852 | |a INST |b RHODES |e 20041015 |h 340.14 CON |p 005400018465 |q 005400018465 |t BK |y 0 | ||
| 901 | |a BIBL4-2004-3 | ||
| 909 | |a Ρ |b 109912 | ||
| 920 | |a ΔΙΕΥΡΥΝΣΗ |b ΕΠΕΑΕΚ ΙΙ-ΤΜΣ |y ΡΟΔΟΣ |z 2004-10 | ||
| 970 | |a ΚΟΥΛΑΚΙΟΤΗ |b ΛΙΤΣΑ |z 2004/10/15 | ||